Effectif Militaire Français. - Statistiques

Statistiques générales
  • Ce quiz a été pris 38 fois
  • Le résultat moyen est 4 sur 8
Statistiques - réponses
Nombres Réponse % Correct
1 Porte-avion
82%
460 Avions
79%
406 Chars
58%
10 Sous-marin
55%
353 000 Militaires
48%
5 097 Blindés
24%
426 Artillerie
15%
300 Bombes nucléaires
12%
Aucun quiz correspondant
Distribution des résultats
% des personnes avec chaque résultat
Percentile par nombre de réponses
Votre historique - résultats
Vous n’avez pas pris ce quiz